How to write letters for all occasions. (Record no. 11265)
[ view plain ]
| 000 -LEADER | |
|---|---|
| fixed length control field | 00394cam a22001211 4500 |
| 050 00 - LIBRARY OF CONGRESS CALL NUMBER | |
| Classification number | HF 5726 |
| Item number | .S465 |
| 100 1# - MAIN ENTRY--PERSONAL NAME | |
| Personal name | Sheff, Alexander L. |
| 245 10 - TITLE STATEMENT | |
| Title | How to write letters for all occasions. |
| Statement of responsibility, etc. | Business letters, by Alexander L. Sheff...Social letters, by Edna Ingalls... |
| 260 ## - PUBLICATION, DISTRIBUTION, ETC. (IMPRINT) | |
| Place of publication, distribution, etc. | New York, |
| Name of publisher, distributor, etc. | The New home library |
| Date of publication, distribution, etc. | [1942] |
| 300 ## - PHYSICAL DESCRIPTION | |
| Extent | x, 278 p. |
| 700 1# - ADDED ENTRY--PERSONAL NAME | |
| Personal name | Ingalls, Edna. |
| 942 ## - ADDED ENTRY ELEMENTS (KOHA) | |
| Source of classification or shelving scheme | Library of Congress Classification |
| Koha item type | General circulation |
| Withdrawn status | Lost status | Source of classification or shelving scheme | Damaged status | Not for loan | Home library | Current library | Shelving location | Date acquired | Source of acquisition | Total Checkouts | Full call number | Barcode | Date last seen | Koha item type |
|---|---|---|---|---|---|---|---|---|---|---|---|---|---|---|
| Library of Congress Classification | Not For Loan | Main Campus Library | Main Campus Library | General Stacks | 22/02/2016 | Donation - Books for Africa | HF 5726 .S465 | 2016/014770 | 22/02/2016 | General circulation |